| 000 | 00559pab a2200181 454500 | ||
|---|---|---|---|
| 008 | 180718b2000 xxu||||| |||| 00| 0 eng d | ||
| 100 | _aRatan, R.S. | ||
| 245 | _aPost harvest experience in agricultural production in Himachal Pradesh: problems and their remedies | ||
| 260 | _c2000 | ||
| 300 | _ap.46-52 | ||
| 362 | _aJul-Dec | ||
| 650 | _aAgricultural production - India - Himachal Pradesh | ||
| 650 | _aAgricultural production | ||
| 700 | _aBhati, J.P. | ||
| 700 | _aSingh, Ranveer | ||
| 773 | _aPolitical Economy Journal of India | ||
| 909 | _a47603 | ||
| 999 |
_c47603 _d47603 |
||